[Event "FIDE World Senior Team Championship 2020"]
[Site "Olympik hotel, Sokolovska 138, Prague"]
[Date "2020.03.07"]
[Round "2.1.1"]
[White "Balashov, Yuri S"]
[Black "Herzog, Adolf"]
[Result "0-1"]
[WhiteElo "2465"]
[BlackElo "2312"]
[PlyCount "70"]
[WhiteTeam "RUS"]
[BlackTeam "AUT1"]
[EventDate "2020.03.06"]

1. c4 e5 2. Nc3 Nf6 3. Nf3 Nc6 4. e3 Bb4 5. Qc2 O-O 6. Nd5 Re8 7. Bd3 h6 8.
Nxf6+ Qxf6 9. Bh7+ Kh8 10. Be4 Bf8 11. O-O Nb4 12. Qc3 c6 13. a3 d5 14. Bb1 Na6
15. d4 exd4 16. Nxd4 c5 17. Qd3 g6 18. Ne2 dxc4 19. Qxc4 Be6 20. Qb5 Bd5 21.
Nf4 Bc6 22. Qb3 Rad8 23. Bd3 Bd6 24. Bd2 Nc7 25. Bc3 Be5 26. Bxe5 Rxe5 27. Qc3
Kg7 28. Rad1 Nd5 29. Nxd5 Rexd5 30. Qxf6+ Kxf6 31. Bc2 Rd2 32. Rfe1 b5 33. Rc1
c4 34. Kf1 a5 35. Red1 Rxc2 0-1

[Event "FIDE World Senior Team Championship 2020"]
[Site "Olympik hotel, Sokolovska 138, Prague"]
[Date "2020.03.07"]
[Round "2.1.2"]
[White "Singer, Hans"]
[Black "Rashkovsky, Nukhim N"]
[Result "0-1"]
[WhiteElo "2168"]
[BlackElo "2440"]
[PlyCount "84"]
[WhiteTeam "AUT1"]
[BlackTeam "RUS"]
[EventDate "2020.03.06"]

1. d4 Nf6 2. c4 e6 3. Nf3 Bb4+ 4. Bd2 Qe7 5. g3 Nc6 6. Bg2 Bxd2+ 7. Nbxd2 a5 8.
O-O d6 9. a3 a4 10. Qc2 O-O 11. Rac1 Bd7 12. e3 h6 13. c5 Na5 14. Rfe1 Bb5 15.
e4 Rfd8 16. Qc3 b6 17. cxb6 cxb6 18. Qb4 Be8 19. h3 Nc6 20. Qc3 d5 21. Qe3 dxe4
22. Nxe4 Nd5 23. Qe2 Na5 24. Ned2 b5 25. Ne5 b4 26. Qd3 bxa3 27. bxa3 Rab8 28.
Rb1 Rxb1 29. Rxb1 Qa7 30. Ndc4 Nb3 31. Rd1 Bb5 32. Bf1 Nf6 33. Nf3 Na5 34. Qc3
Nb3 35. Nce5 Be8 36. Bc4 Qc7 37. Qd3 Rb8 38. Rb1 Na5 39. Rxb8 Qxb8 40. Qc3 Nxc4
41. Qxc4 Qb2 42. Qc5 Ne4 0-1

[Event "FIDE World Senior Team Championship 2020"]
[Site "Olympik hotel, Sokolovska 138, Prague"]
[Date "2020.03.07"]
[Round "2.1.3"]
[White "Kalegin, Evgenij"]
[Black "Ager, Josef"]
[Result "1/2-1/2"]
[WhiteElo "2431"]
[BlackElo "2139"]
[PlyCount "77"]
[WhiteTeam "RUS"]
[BlackTeam "AUT1"]
[EventDate "2020.03.06"]

1. e4 e5 2. Nf3 Nc6 3. Bb5 a6 4. Ba4 Nf6 5. O-O b5 6. Bb3 Be7 7. d4 d6 8. c3
O-O 9. h3 Bb7 10. Re1 Re8 11. Nbd2 Bf8 12. a3 h6 13. Bc2 Nb8 14. b3 Nbd7 15.
Bb2 g6 16. Rc1 Rb8 17. Bd3 Bg7 18. Qc2 Nh5 19. Bf1 c6 20. c4 Rc8 21. b4 exd4
22. Bxd4 Bxd4 23. Nxd4 c5 24. bxc5 Nxc5 25. cxb5 axb5 26. Bxb5 Nxe4 27. Nc6 Qb6
28. Rxe4 Qxb5 29. Ne7+ Rxe7 30. Qxc8+ Bxc8 31. Rxc8+ Kg7 32. Rxe7 Qg5 33. Rcc7
Qxd2 34. Rxf7+ Kg8 35. Rfe7 Kf8 36. Rf7+ Kg8 37. Rfe7 Kf8 38. Rf7+ 1/2-1/2

[Event "FIDE World Senior Team Championship 2020"]
[Site "Olympik hotel, Sokolovska 138, Prague"]
[Date "2020.03.07"]
[Round "2.1.4"]
[White "Danner, Lambert"]
[Black "Zhelnin, Vladimir V"]
[Result "0-1"]
[WhiteElo "2022"]
[BlackElo "2404"]
[PlyCount "92"]
[WhiteTeam "AUT1"]
[BlackTeam "RUS"]
[EventDate "2020.03.06"]

1. g3 e5 2. c4 d6 3. Bg2 g6 4. Nc3 Bg7 5. Nf3 Nc6 6. Rb1 f5 7. d3 Nf6 8. b4 h6
9. b5 Ne7 10. O-O O-O 11. Qc2 Kh8 12. c5 Be6 13. Ba3 Rb8 14. Nd2 Ne8 15. e4 f4
16. Nd5 Rf7 17. Nxe7 Qxe7 18. Qa4 Qd8 19. c6 b6 20. Bb2 Ra8 21. a3 a6 22. bxa6
Ra7 23. Nf3 Qa8 24. d4 Rxa6 25. Qc2 Ra5 26. d5 Bc8 27. Rfc1 Kh7 28. Qd2 Ra4 29.
Ne1 h5 30. Rc3 Bh6 31. Qc2 Nf6 32. Rc4 Ra7 33. Ra1 Ng4 34. Bf3 Ra5 35. Qb3 Ba6
36. Ra4 Bb5 37. Rxa5 Qxa5 38. a4 fxg3 39. hxg3 Qd2 40. Qc2 Qxc2 41. Nxc2 Rxf3
42. axb5 Rxf2 43. Ra7 Rxc2 44. Rxc7+ Kg8 45. Ba3 Be3+ 46. Kf1 Bf2 0-1

[Event "FIDE World Senior Team Championship 2020"]
[Site "Olympik hotel, Sokolovska 138, Prague"]
[Date "2020.03.07"]
[Round "2.2.1"]
[White "Birnboim, Nathan"]
[Black "Jimenez Molina, Juan Leon"]
[Result "1/2-1/2"]
[WhiteElo "2369"]
[BlackElo "2174"]
[PlyCount "91"]
[WhiteTeam "ISR1"]
[BlackTeam "CRC"]
[EventDate "2020.03.06"]

1. e4 c5 2. Nf3 g6 3. d4 cxd4 4. Qxd4 Nf6 5. Bb5 a6 6. Ba4 b5 7. Bb3 Nc6 8. Qd3
Bg7 9. O-O O-O 10. Nc3 d6 11. h3 Bb7 12. a3 Rc8 13. Re1 Nd7 14. Ba2 Nce5 15.
Nxe5 Nxe5 16. Qg3 Nc4 17. Nd1 a5 18. c3 b4 19. axb4 axb4 20. Bxc4 Rxc4 21. Qd3
Qc7 22. Bd2 bxc3 23. Bxc3 Rc8 24. Bxg7 Kxg7 25. Nc3 Qb6 26. Re2 Rb4 27. Ra2 Qd4
28. Qxd4+ Rxd4 29. Ra7 Rb8 30. e5 dxe5 31. Rxe5 Rb4 32. Rxe7 Rxb2 33. Rd7 h5
34. h4 Rb3 35. Nd1 Rb1 36. Kh2 Rb4 37. Kg1 Rb1 38. f3 Kf6 39. Kh2 Ke6 40. Rd2
Bc6 41. Kg3 R8b7 42. Raa2 Ke7 43. Nf2 Bd7 44. Ne4 Be6 45. Ra3 R1b3 46. Rxb3
1/2-1/2

[Event "FIDE World Senior Team Championship 2020"]
[Site "Olympik hotel, Sokolovska 138, Prague"]
[Date "2020.03.07"]
[Round "2.2.3"]
[White "Shevelev, Arkady"]
[Black "Rovira Mas, Jorge"]
[Result "1-0"]
[WhiteElo "2278"]
[BlackElo "2196"]
[PlyCount "67"]
[WhiteTeam "ISR1"]
[BlackTeam "CRC"]
[EventDate "2020.03.06"]

1. e4 d6 2. d4 g6 3. h3 a6 4. a4 b6 5. Nf3 Bg7 6. Bd3 Nd7 7. O-O c5 8. c3 e6 9.
Bg5 Qc7 10. Nbd2 Ngf6 11. Bf4 e5 12. dxe5 dxe5 13. Bh2 O-O 14. Nc4 Nh5 15. Bc2
Bb7 16. Qd6 Qxd6 17. Nxd6 Bc6 18. Bb3 Nhf6 19. Ng5 h6 20. Bxf7+ Kh8 21. Ne6
Rfb8 22. Bxg6 Ra7 23. Nf7+ Kg8 24. Nxe5 1-0

[Event "FIDE World Senior Team Championship 2020"]
[Site "Olympik hotel, Sokolovska 138, Prague"]
[Date "2020.03.07"]
[Round "2.2.4"]
[White "Araya Umana, Carlos"]
[Black "Lederman, Leon"]
[Result "0-1"]
[WhiteElo "1914"]
[BlackElo "2234"]
[PlyCount "76"]
[WhiteTeam "CRC"]
[BlackTeam "ISR1"]
[EventDate "2020.03.06"]

1. Nf3 d5 2. g3 Nf6 3. Bg2 c6 4. O-O Bf5 5. b3 h6 6. Bb2 e6 7. c4 Be7 8. d3 O-O
9. Nbd2 a5 10. Rc1 a4 11. bxa4 Nbd7 12. Rb1 Qc7 13. Qc2 Nc5 14. Be5 Qa5 15. Nd4
Bg4 16. N2b3 Nxb3 17. Nxb3 Qxa4 18. Rb2 Nd7 19. Bd4 Ba3 20. Rbb1 e5 21. Bb2
dxc4 22. dxc4 Be6 23. Bxa3 Qxa3 24. Rb2 Bxc4 25. Nc1 Ba6 26. Rd1 Nc5 27. Nb3
Ne6 28. e3 Rfd8 29. Rxd8+ Rxd8 30. Nd2 Nc5 31. Bf1 Bxf1 32. Nxf1 Rd5 33. Qe2 e4
34. Rc2 Qd3 35. Rb2 Qxe2 36. Rxe2 Nd3 37. Rc2 Ne5 38. Nd2 Rxd2 0-1

[Event "FIDE World Senior Team Championship 2020"]
[Site "Olympik hotel, Sokolovska 138, Prague"]
[Date "2020.03.07"]
[Round "2.3.1"]
[White "Franzen, Thomas"]
[Black "Boidman, Yuri"]
[Result "0-1"]
[WhiteElo "1987"]
[BlackElo "2335"]
[PlyCount "78"]
[WhiteTeam "SWE4"]
[BlackTeam "GER2"]
[EventDate "2020.03.06"]

1. e4 c5 2. Nf3 a6 3. g3 Nc6 4. Bg2 g6 5. d3 Bg7 6. Nbd2 e6 7. O-O Nge7 8. Re1
O-O 9. Nf1 d5 10. c3 b5 11. Bf4 b4 12. Qd2 a5 13. Bh6 dxe4 14. Bxg7 exf3 15.
Bf6 fxg2 16. Ne3 Re8 17. g4 Qc7 18. Nf5 Nxf5 19. gxf5 Ne7 20. Re5 Qxe5 21. Bxe5
Nxf5 22. Qg5 Bb7 23. Qf6 Kf8 24. Re1 Rad8 25. Qh8+ Ke7 26. Bf6+ Kd6 27. Qxh7
Rd7 28. Qh3 Kc7 29. d4 cxd4 30. cxd4 Kb8 31. Be5+ Ka7 32. a3 b3 33. Qxb3 Rc8
34. Qh3 g5 35. Rd1 Nh4 36. f3 Bxf3 37. Re1 Bd5 38. Kf2 Rc2+ 39. Kg3 Re2 0-1

[Event "FIDE World Senior Team Championship 2020"]
[Site "Olympik hotel, Sokolovska 138, Prague"]
[Date "2020.03.07"]
[Round "2.3.2"]
[White "Khanukov, Boris"]
[Black "Isaxon, Alf"]
[Result "1-0"]
[WhiteElo "2293"]
[BlackElo "1949"]
[PlyCount "51"]
[WhiteTeam "GER2"]
[BlackTeam "SWE4"]
[EventDate "2020.03.06"]

1. d4 d5 2. c4 Nc6 3. Nf3 Bg4 4. cxd5 Bxf3 5. gxf3 Qxd5 6. e3 e5 7. Nc3 Bb4 8.
Bd2 Bxc3 9. bxc3 Qd6 10. Qb3 Nf6 11. Bc1 exd4 12. cxd4 O-O-O 13. Rb1 b6 14. Ba3
Nxd4 15. Ba6+ Kb8 16. exd4 Rhe8+ 17. Kf1 Qf4 18. h4 Rxd4 19. Qc3 Rd2 20. Rb4
Rxf2+ 21. Kxf2 Ng4+ 22. Kf1 Ne3+ 23. Kf2 Ng4+ 24. Kf1 Ne3+ 25. Ke2 Nd5+ 26. Kf2
1-0

[Event "FIDE World Senior Team Championship 2020"]
[Site "Olympik hotel, Sokolovska 138, Prague"]
[Date "2020.03.07"]
[Round "2.3.3"]
[White "Johansson, Bjorn"]
[Black "Salov, Sergej"]
[Result "1/2-1/2"]
[WhiteElo "1949"]
[BlackElo "2135"]
[PlyCount "32"]
[WhiteTeam "SWE4"]
[BlackTeam "GER2"]
[EventDate "2020.03.06"]

1. c4 e5 2. Nc3 Nf6 3. g3 c6 4. Bg2 Bb4 5. a3 Bxc3 6. dxc3 O-O 7. e4 d6 8. Ne2
Be6 9. b3 d5 10. cxd5 cxd5 11. exd5 Bxd5 12. Bxd5 Qxd5 13. Qxd5 Nxd5 14. c4 Ne7
15. Bb2 Nbc6 16. Bc3 Rad8 1/2-1/2

[Event "FIDE World Senior Team Championship 2020"]
[Site "Olympik hotel, Sokolovska 138, Prague"]
[Date "2020.03.07"]
[Round "2.3.4"]
[White "Gruzmann, Boris"]
[Black "Johansson, Bertil"]
[Result "1-0"]
[WhiteElo "2206"]
[BlackElo "1876"]
[PlyCount "56"]
[WhiteTeam "GER2"]
[BlackTeam "SWE4"]
[EventDate "2020.03.06"]

1. e4 c5 2. Nf3 e6 3. d4 cxd4 4. Nxd4 a6 5. Bd3 Qc7 6. Be3 Nc6 7. O-O Nf6 8.
Nc3 Nxd4 9. Bxd4 Bc5 10. Bxc5 Qxc5 11. Kh1 d6 12. f4 h5 13. a4 b6 14. Qe2 e5
15. Nd5 Bg4 16. Qe1 Be6 17. b4 Qc6 18. fxe5 Ng4 19. b5 Qc5 20. bxa6 Nxe5 21.
Bb5+ Kf8 22. Nf4 Bc4 23. Rf2 Rh6 24. Rb1 Rf6 25. Nh3 Rxf2 26. Qxf2 Ra7 27. Qxc5
bxc5 28. Bxc4 Nxc4 29. Rb8+ 1-0

[Event "FIDE World Senior Team Championship 2020"]
[Site "Olympik hotel, Sokolovska 138, Prague"]
[Date "2020.03.07"]
[Round "2.4.1"]
[White "Waschk, Armin"]
[Black "Ackermann, Hans Werner"]
[Result "0-1"]
[WhiteElo "2165"]
[BlackElo "2242"]
[PlyCount "172"]
[WhiteTeam "GER8"]
[BlackTeam "GER3"]
[EventDate "2020.03.06"]

1. d4 Nf6 2. c4 d6 3. Nf3 Bg4 4. Nc3 c6 5. e4 Nbd7 6. Be2 e5 7. Be3 Be7 8. O-O
O-O 9. Nd2 Bxe2 10. Qxe2 exd4 11. Bxd4 Re8 12. f4 Bf8 13. Qf3 h6 14. Rae1 Nh7
15. Ne2 Qa5 16. Bc3 Qb6+ 17. Kh1 Nc5 18. b3 Ne6 19. h4 c5 20. Qf2 Be7 21. g4 a5
22. g5 hxg5 23. hxg5 a4 24. b4 Qc6 25. b5 Qc8 26. Qg3 Nef8 27. Nf3 Bd8 28. Neg1
Qe6 29. Nd2 Qg6 30. Ngf3 f6 31. Qh3 fxg5 32. f5 Qh6 33. Kg2 Qxh3+ 34. Kxh3 Bf6
35. e5 dxe5 36. Nxe5 Bxe5 37. Bxe5 Nd7 38. Bd6 Nhf6 39. Re6 Nf8 40. Rxe8 Rxe8
41. Bxc5 Re2 42. Rf2 g4+ 43. Kg2 Re1 44. Bb4 N8d7 45. Rf1 Re5 46. Bd6 Re3 47.
Bb4 b6 48. Rf4 Kf7 49. Kf2 Re8 50. Rd4 Re5 51. Rf4 g3+ 52. Kf1 Nh5 53. Rf3 Ndf6
54. Bc3 Re7 55. Bd4 Rd7 56. Bc3 Ng4 57. Kg2 Re7 58. Nf1 Re2+ 59. Kg1 Rxa2 60.
Nxg3 Nxg3 61. Rxg3 Nf6 62. Re3 Ra3 63. Bd4 Rxe3 64. Bxe3 Nd7 65. Bd4 a3 66. Kf2
a2 67. Ke3 Nc5 68. Kf4 Nb3 69. Bc3 Na5 70. c5 bxc5 71. Ke4 Nc4 72. Kd5 Nb6+ 73.
Kc6 Na4 74. Ba1 c4 75. b6 c3 76. Bxc3 Nxc3 77. b7 a1=Q 78. b8=Q Qa6+ 79. Kc5
Qb5+ 80. Qxb5 Nxb5 81. Kxb5 Kf6 82. Kc4 Kxf5 83. Kd3 Kf4 84. Ke2 Kg3 85. Kf1 g5
86. Kg1 g4 0-1

[Event "FIDE World Senior Team Championship 2020"]
[Site "Olympik hotel, Sokolovska 138, Prague"]
[Date "2020.03.07"]
[Round "2.4.2"]
[White "Baum, Bernd, Dr."]
[Black "Luethke, Hans-Eckart"]
[Result "0-1"]
[WhiteElo "2249"]
[BlackElo "2091"]
[PlyCount "80"]
[WhiteTeam "GER3"]
[BlackTeam "GER8"]
[EventDate "2020.03.06"]

1. Nf3 c5 2. g3 Nc6 3. Bg2 Nf6 4. O-O e6 5. c4 d5 6. d4 dxc4 7. Qa4 Bd7 8. Qxc4
cxd4 9. Nxd4 Rc8 10. Nxc6 Bxc6 11. Bxc6+ Rxc6 12. Qb3 Qb6 13. Qxb6 Rxb6 14. Nc3
Be7 15. Be3 Rxb2 16. Rab1 Rxb1 17. Rxb1 b6 18. Nb5 Nd5 19. Bd4 a6 20. e4 Nb4
21. Nc7+ Kd7 22. Bxb6 Rb8 23. Ba5 Nc6 24. Rd1+ Kc8 25. Rc1 Kb7 26. Nxa6 Kxa6
27. Bc7 Rc8 28. Rxc6+ Kb7 29. Bd6 Rxc6 30. Bxe7 Rc4 31. e5 Re4 32. Bd6 Kc6 33.
Kf1 f6 34. f4 Rc4 35. a3 Rc2 36. h4 f5 37. Bf8 g6 38. Bb4 Ra2 39. Kg1 Kd5 40.
Kf1 Ke4 0-1

[Event "FIDE World Senior Team Championship 2020"]
[Site "Olympik hotel, Sokolovska 138, Prague"]
[Date "2020.03.07"]
[Round "2.4.3"]
[White "Schulz, Michael"]
[Black "Kierzek, Matthias, Dr."]
[Result "0-1"]
[WhiteElo "2122"]
[BlackElo "2217"]
[PlyCount "90"]
[WhiteTeam "GER8"]
[BlackTeam "GER3"]
[EventDate "2020.03.06"]

1. d4 d5 2. Bf4 Nf6 3. e3 c5 4. c3 Nc6 5. Nd2 cxd4 6. exd4 Bf5 7. Qb3 Qc8 8.
Ngf3 e6 9. Nh4 Be4 10. f3 Bg6 11. g4 Be7 12. Bg3 a6 13. Be2 Qd7 14. Nxg6 hxg6
15. O-O-O b5 16. Kb1 Bd6 17. Qc2 Qc7 18. Nb3 Bxg3 19. hxg3 Ke7 20. Rxh8 Rxh8
21. Nc5 Qb6 22. Bd3 a5 23. Bxg6 b4 24. g5 Ne8 25. Na4 Qc7 26. Bd3 Qxg3 27. cxb4
Nxb4 28. Qc5+ Qd6 29. Qa7+ Qc7 30. Qc5+ Qxc5 31. Nxc5 Nxd3 32. Nxd3 Nd6 33. Rc1
Nb5 34. a4 Nxd4 35. Rc7+ Kd6 36. Rxf7 Rh3 37. b4 Rxf3 38. Rxf3 Nxf3 39. g6 axb4
40. a5 Kc6 41. Nf4 e5 42. Ne6 e4 43. a6 e3 44. Nf4 d4 45. Kc2 Ne5 0-1

[Event "FIDE World Senior Team Championship 2020"]
[Site "Olympik hotel, Sokolovska 138, Prague"]
[Date "2020.03.07"]
[Round "2.4.4"]
[White "Herbrechtsmeier, Christof"]
[Black "Sager, Bernd"]
[Result "1-0"]
[WhiteElo "2177"]
[BlackElo "1920"]
[PlyCount "63"]
[WhiteTeam "GER3"]
[BlackTeam "GER8"]
[EventDate "2020.03.06"]

1. e4 c5 2. Nf3 e6 3. d4 cxd4 4. Nxd4 a6 5. Nc3 Qc7 6. Be2 Nc6 7. O-O Be7 8.
Be3 Nf6 9. f4 d5 10. e5 Ne4 11. Nxe4 dxe4 12. c3 O-O 13. Qe1 Rd8 14. Nb3 b5 15.
Qf2 Rb8 16. Rfd1 Rxd1+ 17. Rxd1 Bf8 18. Bc5 Be7 19. Qe3 b4 20. Bd6 Bxd6 21.
exd6 Qd8 22. Qxe4 Bb7 23. Qe3 a5 24. c4 a4 25. Nc5 Qb6 26. Kf2 Nd8 27. Nd7
Qxe3+ 28. Kxe3 Rc8 29. g3 Bc6 30. Ne5 f6 31. Nxc6 Rxc6 32. b3 1-0

[Event "FIDE World Senior Team Championship 2020"]
[Site "Olympik hotel, Sokolovska 138, Prague"]
[Date "2020.03.07"]
[Round "2.5.1"]
[White "Pruefer, Friedbert, Dr."]
[Black "James, Kevin"]
[Result "1-0"]
[WhiteElo "2214"]
[BlackElo "1924"]
[PlyCount "85"]
[WhiteTeam "GER4"]
[BlackTeam "IRL"]
[EventDate "2020.03.06"]

1. d4 g6 2. g3 Bg7 3. Bg2 c5 4. d5 d6 5. Nc3 Bd7 6. e4 b5 7. Qe2 Qb6 8. Nd1 Na6
9. Nf3 e5 10. dxe6 fxe6 11. Ne3 Ne7 12. e5 d5 13. Ng4 Rf8 14. Bg5 Nc6 15. Bf6
Bxf6 16. Nxf6+ Rxf6 17. exf6 O-O-O 18. O-O Rf8 19. Ng5 Rxf6 20. Nxh7 Rf5 21. c3
c4 22. Kh1 Nc5 23. h4 Nd3 24. f3 Ne7 25. f4 e5 26. Bh3 d4 27. Bxf5 Nxf5 28. Kh2
exf4 29. Rxf4 Nxf4 30. gxf4 Nxh4 31. Qf2 g5 32. fxg5 Nf5 33. Nf6 Qd6+ 34. Kg1
d3 35. Nxd7 Qxd7 36. Qf3 Kb8 37. Qf4+ Kb7 38. Kf2 a5 39. Re1 Ka6 40. Qe4 d2 41.
Qe6+ Qxe6 42. Rxe6+ Kb7 43. Ke2 1-0

[Event "FIDE World Senior Team Championship 2020"]
[Site "Olympik hotel, Sokolovska 138, Prague"]
[Date "2020.03.07"]
[Round "2.5.2"]
[White "Gibson, John F."]
[Black "Brock, Friedemann"]
[Result "0-1"]
[WhiteElo "1830"]
[BlackElo "2230"]
[PlyCount "54"]
[WhiteTeam "IRL"]
[BlackTeam "GER4"]
[EventDate "2020.03.06"]

1. c4 e5 2. Nc3 Nf6 3. g3 Bb4 4. Bg2 O-O 5. e4 Bxc3 6. bxc3 c6 7. Ne2 d5 8.
cxd5 cxd5 9. exd5 Nxd5 10. Qb3 Nb6 11. O-O Nc6 12. a4 Be6 13. Qc2 Rc8 14. Ba3
Re8 15. f4 Bc4 16. Rf2 Bxe2 17. Be4 Bh5 18. a5 Nd5 19. f5 Nxa5 20. h3 f6 21.
Rb1 Bf7 22. Qa4 b6 23. g4 Nc4 24. Bc1 Nf4 25. Kh2 Nd3 26. Rg2 Nc5 27. Bc6 Nxa4
0-1

[Event "FIDE World Senior Team Championship 2020"]
[Site "Olympik hotel, Sokolovska 138, Prague"]
[Date "2020.03.07"]
[Round "2.5.3"]
[White "Schoeneberg, Manfred"]
[Black "Lynch, Peter J."]
[Result "1-0"]
[WhiteElo "2144"]
[BlackElo "1645"]
[PlyCount "63"]
[WhiteTeam "GER4"]
[BlackTeam "IRL"]
[EventDate "2020.03.06"]

1. e4 c5 2. Nf3 d6 3. d4 cxd4 4. Qxd4 Nc6 5. Bb5 Bd7 6. Bxc6 Bxc6 7. Nc3 e6 8.
Bg5 Qc7 9. O-O-O f6 10. Be3 a6 11. Qb6 Rc8 12. Qxc7 Rxc7 13. Nd4 Kf7 14. Nxc6
Rxc6 15. f4 Ne7 16. g4 Nc8 17. f5 e5 18. h4 Nb6 19. Bxb6 Rxb6 20. g5 Rc6 21.
Rh3 h5 22. g6+ Ke8 23. Nd5 Be7 24. Rb3 b5 25. a4 Rc5 26. axb5 axb5 27. Ra3 Bd8
28. Ra7 Rg8 29. Rd3 Rc4 30. Rb3 Ra4 31. Rxa4 bxa4 32. Rb7 1-0

[Event "FIDE World Senior Team Championship 2020"]
[Site "Olympik hotel, Sokolovska 138, Prague"]
[Date "2020.03.07"]
[Round "2.6.1"]
[White "Boehnisch, Manfred"]
[Black "Knaak, Rainer"]
[Result "0-1"]
[WhiteElo "2246"]
[BlackElo "2478"]
[PlyCount "84"]
[WhiteTeam "GER7"]
[BlackTeam "GER1"]
[EventDate "2020.03.06"]

1. e4 e6 2. Nf3 d5 3. exd5 exd5 4. d4 Bd6 5. c4 Nf6 6. Nc3 O-O 7. Be2 dxc4 8.
O-O Be6 9. Ng5 Bf5 10. Bxc4 Nc6 11. f4 Qd7 12. a3 Rad8 13. b4 h6 14. Nf3 Ne7
15. Qb3 c6 16. Ne5 Bxe5 17. dxe5 Qd4+ 18. Kh1 Ng4 19. h3 Nf2+ 20. Kh2 Bd3 21.
Bxd3 Nxd3 22. Rb1 h5 23. Ne2 Qe4 24. Ng3 Qh7 25. Qc2 h4 26. Nh1 Qg6 27. Qe2 Nf5
28. Be3 Rd5 29. Rb3 Rfd8 30. Rf3 Nd4 31. Bxd4 Nc1 32. Qe1 Nxb3 33. Rxb3 Rxd4
34. Qxh4 Qf5 35. Rf3 R8d7 36. Ng3 Qxe5 37. Qg4 Qf6 38. Ne2 Rd2 39. Rg3 Rd8 40.
f5 R8d3 41. Nf4 Rxg3 42. Kxg3 Rd4 0-1

[Event "FIDE World Senior Team Championship 2020"]
[Site "Olympik hotel, Sokolovska 138, Prague"]
[Date "2020.03.07"]
[Round "2.6.2"]
[White "Chevelevitch, Evgueni, Dr."]
[Black "Beltz, Robert"]
[Result "1-0"]
[WhiteElo "2391"]
[BlackElo "2158"]
[PlyCount "77"]
[WhiteTeam "GER1"]
[BlackTeam "GER7"]
[EventDate "2020.03.06"]

1. e4 c5 2. Nf3 d6 3. d4 cxd4 4. Nxd4 Nf6 5. Nc3 a6 6. Be2 e5 7. Nb3 Be7 8. O-O
b5 9. a4 b4 10. Nd5 Bb7 11. Bc4 O-O 12. Nxf6+ Bxf6 13. Bd5 Qc7 14. Na5 Qxa5 15.
Bxb7 Ra7 16. Bd5 Nd7 17. Bd2 Nc5 18. c3 bxc3 19. Bxc3 Qb6 20. b4 Ne6 21. Bxe6
fxe6 22. Qb3 Re8 23. Rfd1 Rd7 24. Rd3 d5 25. Rdd1 d4 26. Bd2 Rc8 27. a5 Qd6 28.
b5 axb5 29. Qxb5 Rb8 30. Qa4 Ra7 31. Rdb1 Be7 32. Rb5 Kf7 33. Qb3 Rc8 34. Rb6
Rc6 35. Rb8 Qc7 36. Qf3+ Bf6 37. Qh5+ Ke7 38. Qe8+ Kd6 39. Bb4+ 1-0

[Event "FIDE World Senior Team Championship 2020"]
[Site "Olympik hotel, Sokolovska 138, Prague"]
[Date "2020.03.07"]
[Round "2.6.3"]
[White "Baumbach, Friedrich, Dr."]
[Black "Hort, Vlastimil"]
[Result "0-1"]
[WhiteElo "2130"]
[BlackElo "2397"]
[PlyCount "120"]
[WhiteTeam "GER7"]
[BlackTeam "GER1"]
[EventDate "2020.03.06"]

1. d4 d5 2. c4 dxc4 3. Nf3 Nf6 4. e3 a6 5. Bxc4 e6 6. O-O b5 7. Bd3 c5 8. dxc5
Bxc5 9. Qe2 Nbd7 10. Nc3 Bb7 11. e4 Qb8 12. Bg5 Ng4 13. h3 Nge5 14. Rad1 O-O
15. Bf4 Bd6 16. Bc2 Nxf3+ 17. Qxf3 Bxf4 18. Rxd7 Bc6 19. Rdd1 Bh2+ 20. Kh1 Be5
21. Qe3 Qa7 22. Qxa7 Rxa7 23. f4 Bxc3 24. bxc3 Rc7 25. Rd4 Rfc8 26. Bb3 Be8 27.
f5 exf5 28. Rxf5 Rxc3 29. e5 R3c5 30. Rdf4 R8c7 31. e6 Rxf5 32. Rxf5 Kf8 33.
exf7 Bxf7 34. Kg1 Ke8 35. Re5+ Re7 36. Bxf7+ Kxf7 37. Rc5 Re1+ 38. Kf2 Ra1 39.
Rc7+ Kf8 40. Rc8+ Ke7 41. Rc7+ Kd6 42. Rxg7 Rxa2+ 43. Ke3 Kc5 44. Kd3 Kb4 45.
h4 h5 46. g4 Rh2 47. gxh5 Rxh4 48. Rg5 a5 49. Kc2 a4 50. Kb2 a3+ 51. Ka2 Ka4
52. Kb1 b4 53. Rg1 Rxh5 54. Rf1 Rh3 55. Rg1 b3 56. Rg4+ Kb5 57. Rg1 Rc3 58. Rh1
Kb4 59. Rh4+ Rc4 60. Rh1 a2+ 0-1

[Event "FIDE World Senior Team Championship 2020"]
[Site "Olympik hotel, Sokolovska 138, Prague"]
[Date "2020.03.07"]
[Round "2.6.4"]
[White "Buchal, Stephan"]
[Black "Walther, Hans-Wolfgang"]
[Result "1-0"]
[WhiteElo "2276"]
[BlackElo "2111"]
[PlyCount "115"]
[WhiteTeam "GER1"]
[BlackTeam "GER7"]
[EventDate "2020.03.06"]

1. c4 Nf6 2. g3 d5 3. cxd5 Nxd5 4. Bg2 c5 5. Nc3 Nxc3 6. bxc3 e5 7. Rb1 Qc7 8.
Nf3 Nc6 9. O-O Bd6 10. d4 O-O 11. d5 Nd8 12. e4 f6 13. c4 Nf7 14. Ne1 Bd7 15.
Nd3 g6 16. Bb2 Rab8 17. Qd2 b6 18. f4 Rbe8 19. Rbe1 a6 20. Kh1 b5 21. Rc1 b4
22. Rf2 a5 23. Rcf1 Kg7 24. Qc1 Bc8 25. h4 h5 26. Qd1 Bg4 27. Bf3 Nh6 28. fxe5
fxe5 29. Bc1 Bxf3+ 30. Rxf3 Ng4 31. Rxf8 Rxf8 32. Rxf8 Bxf8 33. Qa4 Bd6 34. Bg5
Kf7 35. Kg2 Be7 36. Bd2 Nf6 37. Nf2 Nd7 38. Nh3 Bd8 39. Qb5 Be7 40. Bg5 Bf8 41.
Ng1 Bd6 42. Nf3 Ke8 43. Qa6 Nb8 44. Qb5+ Nd7 45. Kf2 Qb6 46. Qa4 Qc7 47. Ke2
Kf7 48. Be3 Be7 49. Qxd7 Qxd7 50. Nxe5+ Ke8 51. Nxd7 Kxd7 52. e5 a4 53. Kd3 Bf8
54. Kc2 Bg7 55. Bf4 Bf8 56. Kb1 Be7 57. e6+ Kc8 58. Be5 1-0

[Event "FIDE World Senior Team Championship 2020"]
[Site "Olympik hotel, Sokolovska 138, Prague"]
[Date "2020.03.07"]
[Round "2.7.1"]
[White "Vogt, Lothar"]
[Black "Vaisser, Anatoly"]
[Result "1/2-1/2"]
[WhiteElo "2352"]
[BlackElo "2495"]
[PlyCount "40"]
[WhiteTeam "GER6"]
[BlackTeam "FRA"]
[EventDate "2020.03.06"]

1. e4 c5 2. Nf3 Nc6 3. Nc3 e6 4. d4 cxd4 5. Nxd4 Nf6 6. Ndb5 d6 7. Bf4 e5 8.
Bg5 a6 9. Na3 b5 10. Nd5 Be7 11. Bxf6 Bxf6 12. c3 Bg5 13. Nc2 O-O 14. Be2 Be6
15. Qd3 Ne7 16. Ncb4 Nxd5 17. Nxd5 Rb8 18. O-O Qd7 19. Rad1 Rfc8 20. Qg3 h6
1/2-1/2

[Event "FIDE World Senior Team Championship 2020"]
[Site "Olympik hotel, Sokolovska 138, Prague"]
[Date "2020.03.07"]
[Round "2.7.2"]
[White "Giffard, Nicolas"]
[Black "Sandmeier, Toni"]
[Result "1-0"]
[WhiteElo "2236"]
[BlackElo "2190"]
[PlyCount "73"]
[WhiteTeam "FRA"]
[BlackTeam "GER6"]
[EventDate "2020.03.06"]

1. d4 Nf6 2. c4 e6 3. Nf3 c5 4. g3 cxd4 5. Nxd4 a6 6. Bg2 Qc7 7. Nd2 Be7 8. O-O
O-O 9. b3 d6 10. Bb2 Nbd7 11. Rc1 Rb8 12. Qc2 Qa5 13. a3 Qh5 14. h3 Ne5 15.
N4f3 Nxf3+ 16. Nxf3 Bd7 17. g4 Qa5 18. Nd4 Rfc8 19. b4 Qd8 20. Qd3 g6 21. e3 e5
22. Ne2 b5 23. c5 Be6 24. Rfd1 Bc4 25. Qc2 Qf8 26. cxd6 Bxd6 27. Nc3 a5 28. g5
axb4 29. axb4 Ne8 30. Qe4 f5 31. gxf6 Nxf6 32. Qh4 Bxb4 33. Nd5 Nxd5 34. Rxc4
Nc3 35. Rxb4 e4 36. Bxc3 Rxc3 37. Qxe4 1-0